=LDR 00000nam 2200000 4500 =001 INLIS000000000051695 =005 20210408091849 =035 ##$$a 0010-1017000134 =007 ta =008 210408################g##########0#ind## =020 ##$$a 979-1457-19-4 =082 ##$$a 338.04 =084 ##$$a 338.04 NUR m =100 #$$a Nur asikin =245 1#$$a Memulai bisnis rumah tangga /$c Nur Asikin; editor, Nurul Azizah =260 ##$$a Mataram :$b Caraka Darma Aksara,$c 2011 =300 ##$$a iv, 52 hlm : $b Ilus ; $c 25 x 18 cm. =700 #$$a Nurul Azizah =520 ##$$a Bibliografi hlm. 52 =990 ##$$a 21305010 =990 ##$$a 21305009 =990 ##$$a 1201344363 =990 ##$$a 1201344364 =990 ##$$a 21305012 =990 ##$$a 21305010 =990 ##$$a 21305009 =990 ##$$a 1201344363 =990 ##$$a 21305011 =990 ##$$a 21305010 =990 ##$$a 21305009 =990 ##$$a 21305012 =990 ##$$a 10381038 =990 ##$$a 213050143 =990 ##$$a 21305010 =990 ##$$a 21305009 =990 ##$$a 21305011 =990 ##$$a 21305012 =990 ##$$a 03300330 =990 ##$$a 21305013 =990 ##$$a 21305010 =990 ##$$a 21305009 =990 ##$$a 21305011 =990 ##$$a 21305012 =990 ##$$a 213050143